000 00477nam a22001577a 4500
003 OSt
005 20151001132058.0
008 151001b xxu||||| |||| 00| 0 eng d
040 _cRUA
082 _aAGR OUM 2005 B062 Or.1
100 _91678
_aRUM, PHOEUN.
245 _aE`tude sur la technique de production des semencse du riz de saison se`che du projet s'aqip dans la province de takeo.
260 _aphnom phen
_bRUA
_c2005
300 _a52p.
_bill.
_c29cm.
942 _2ddc
_cAGR
999 _c1580
_d1580